000 00393nam a2200157Ia 4500
003 GCL
008 140319s9999 xx 000 0 eng d
040 _aGCL /
_cGCL
082 0 4 _a746.22
_bK F
100 1 _aKELLE, F.W
245 1 0 _aFILET CROCAHT: PROJECTS AND DESIGNS /
_cKELLE, F.W
260 _a[S.N] :
_bDOVER PUBLICATIONS,INC.
300 _a48 p
650 0 4 _aCROCHET
942 _2ddc
_cBK
999 _c17494
_d17494